LEADER 01360nam a2200313 a 4500 001 000000127312 003 CaOOAMICUS 005 20120124135925.0 008 120124m20119999it u000 u ita r 020 $a978-88-13-31336-4 (v. 1) 040 $aPUL$bita 082 04$a345.45 100 1 $aTrabacchi, Antonio.$0(OLS)http://pul/name/81193 245 12$aI delitti contro la fede pubblica /$cAntonio Trabacchi. 260 $aPadova :$bCEDAM,$c©2011. 300 $av. ;$c25 cm. 490 1 $aTrattato di diritto penale. Parte speciale ;$v9 504 $aInclude riferimenti bibliografici ed indice. 505 1 $aV. 1. Falsitą in monete, in sigilli e falsitą personale. 650 4$aDiritto penale$zItalia$vManuali.$0(OLS)http://pul/subject/8081 830 0$aTrattato di diritto penale (CEDAM)$pParte speciale ;$v9.$0(OLS)http://pul/title/160851 850 $aPUL 852 $aPUL$W1$xSL Diritto e Scienze Sociali 3$y79$m345. 45 MARGI 1.9.1$j147259$av. 1$qDDC 21$B145923$CPULBib$Z2$F145923 $H118252 $82 941 1 $a9 996 $6020$a978-88-13-31336-4 (v. 1)$9(OLS)http://pul/number/148650 996 $6082$a345.45$9(OLS)http://pul/classification/371 996 $6245$aI delitti contro la fede pubblica$9(OLS)http://pul/title/160852 996 $6260$aPadova :$bCEDAM$9(OLS)http://pul/publisher/48126 LEADER 01222nam a2200277 u 4500 001 000000046483 003 CaOOAMICUS 005 20070226114758.0 008 990712s1981 it u000 u ita u 035 $a10829442 040 $aMSA$bita 100 1 $aGuano, Emilio,$cvesc. di Livorno,$d1900-1970.$0(OLS)http://pul/name/10288 245 10$aCultura e responsabilitą :$blettere a docenti (1946-1963) /$cEmilio Guano ; a cura di Giulio Tavallini ; note di Salvatore Accardo. 260 $aRoma :$bStudium,$cc1981. 300 $a204 p . ;$c21 cm 490 1 $aCoscienza.$aStudi 650 4$aCultura$zItalia.$0(OLS)http://pul/subject/19782 700 1 $aAccardo, Salvatore.$0(OLS)http://pul/name/5952 700 1 $aTavallini, Giulio.$0(OLS)http://pul/name/33825 830 0$aCoscienza.$pStudi.$0(OLS)http://pul/title/9531 850 $aPUL 852 $aPUL$W1$xDP1 Fondo Maccarrone$y58$m1513 C 20$j62295$nBK-PRI$b $qFondi$B62295$CPULBib$Z2$F62295 $H $81 941 1 $a1 961 $aINV: 2994. Fondo Maccarrone. 996 $6245$aCultura e responsabilitą :$blettere a docenti (1946-1963)$9(OLS)http://pul/title/62607 996 $6260$aRoma :$bStudium$9(OLS)http://pul/publisher/47892